00738cam a2200229 a 4500001000800000005001700008008004100025010003100066020001500097040001800112041000800130080001300138082001700151100000600168101000800174245008300182504005100265906004500316942001200361999001700373952011800390114932820180215032818.0950317s1995 mdua b 001 0 eng  a 95128425 z 94007239  a0683083902 aDLCcDLCdDLC aeng a615.851500a615.8515220 a4 ashm00aOccupational therapy for physical dysfunction /ceditor, Catherine A. Trombly. aIncludes bibliographical references and index. a7bcbccorignewd2encipf19gy-gencatlg 2ddccBK c42564d42564 00102udc40708PËKGa002b002cPËKGd2018-02-15l0o615.8515 trop002-2998155r2018-02-15w2018-02-15yBK